Φορτώνει......

Sreemad Bhagavatam /

Λεπτομέρειες βιβλιογραφικής εγγραφής
Κύριος συγγραφέας: Kochunni Tampurarn
Μορφή: Printed Book
Γλώσσα:Malayalam
Έκδοση: Kodungallur : Kerala Books , 1970.
LEADER 00399nam a2200121Ia 4500
008 150624b xxu||||| |||| 00| | mal d
100 |a Kochunni Tampurarn 
245 |c Kochunni Tampurarn  |a Sreemad Bhagavatam / 
260 |a Kodungallur :  |b Kerala Books ,  |c 1970. 
546 |a In Malayalam. 
942 |c BK 
999 |c 81013  |d 81013 
952 |0 1  |1 0  |4 0  |7 0  |9 80957  |a UL  |b UL  |c ST1  |d 1998-09-15  |l 0  |p 60238  |r 2012-10-27  |w 2012-10-27  |y BK